| 000 | 003210000a22000970004500 | ||
|---|---|---|---|
| 100 | 1 | _aJezequel, Roberta | |
| 245 | 1 | 0 | _aWhom shall we send and who will stay for Us? Ways to reach out to your Latin neighbors |
| 300 | _aVol. 79, Num. 1 (Enero-Marzo, 1999), Páginas 18-19 | ||
| 773 | 0 | _tLatin America Evangelist | |
| 942 | _cANA | ||
| 999 |
_c55174 _d55174 |
||